000
00248 a2200097 4500
001
41803
100
_a
Compton's
245
_a
Compton's Pictured Encyclopedia & Fact Index (Vol-X)
260
_a
Chicago
_b
F E Compton & Co.
_c
090
_c
25914
_d
25914
942
_a
NUST-CAE
_c
M
_c
17685
999
_c
276876
_d
276876